Contabilidad de costos: un enfoque gerencial (Registro nro. 2034)
[ vista simple ]
| 000 -CABECERA | |
|---|---|
| campo de control de longitud fija | 01124aam a2200361 4500 |
| 005 - FECHA Y HORA DE ACTUALIZACIÓN | |
| campo de control | 20230224162051.0 |
| 008 - LONGITUD FIJA | |
| campo de control de longitud fija | 150310b2008 xxu||||| |||| 00| 0 spa d |
| 041 ## - IDIOMA | |
| Código de idioma del texto/pista de sonido o título separado | Español |
| 082 ## - CLASIFICACIÓN DECIMAL DEWEY | |
| Número de clasificación | 657.42 H816co12 |
| 100 ## - AUTOR PERSONAL | |
| Nombre de persona | Horngren, Charles |
| 100 ## - AUTOR PERSONAL | |
| Nombre de persona | Datar, Srikant M. |
| 100 ## - AUTOR PERSONAL | |
| Nombre de persona | Foster, George |
| 245 ## - TÍTULO PROPIAMENTE DICHO | |
| Título | Contabilidad de costos: un enfoque gerencial |
| 250 ## - EDICIÓN | |
| Mención de edición | 12 edición. |
| 260 ## - PIE DE IMPRENTA | |
| Lugar de publicación, distribución, etc. | México |
| Nombre del editor, distribuidor, etc. | Pearson Educación |
| Fecha de publicación, distribución, etc. | 2007 |
| 300 ## - DESCRIPCIÓN FÍSICA | |
| Extensión | 868 páginas |
| 650 ## - Materia General | |
| Materia general | CONTABILIDAD DE COSTOS |
| 650 ## - Materia General | |
| Materia general | CONTADOR |
| 650 ## - Materia General | |
| Materia general | PRESUPUESTO |
| 650 ## - Materia General | |
| Materia general | COSTOS |
| 650 ## - Materia General | |
| Materia general | INVENTARIO |
| 650 ## - Materia General | |
| Materia general | NEGOCIOS POR INTERNET |
| 650 ## - Materia General | |
| Materia general | PROVEEDORES |
| 650 ## - Materia General | |
| Materia general | RIESGO-RENDIMIENTO |
| 650 ## - Materia General | |
| Materia general | PRESUPUESTO MAESTRO |
| 650 ## - Materia General | |
| Materia general | GASTOS |
| 650 ## - Materia General | |
| Materia general | TOMA DE DECISIONES |
| 650 ## - Materia General | |
| Materia general | BENCHMARKING |
| 650 ## - Materia General | |
| Materia general | MERCADO |
| 692 ## - Carreras | |
| Carrera | Dirección y Administración de Empresas |
| 942 ## - Punto de Acceso Adicional Koha | |
| Tipo de ítem Koha | Libro |
| Estado perdido | Estado dañado | No para préstamo | Biblioteca permanente | Biblioteca actual | Signatura completa | Código de barras | Precio efectivo a partir del | Programa Académico | Tipo de ítem |
|---|---|---|---|---|---|---|---|---|---|
| Departamento de Biblioteca y Documentación Alfonso Chase Brenes | Departamento de Biblioteca y Documentación Alfonso Chase Brenes | 657.42 H816co12 | 11563 | 31/08/2016 | Dirección y Administración de Empresas | Libro | |||
| Departamento de Biblioteca y Documentación Alfonso Chase Brenes | Departamento de Biblioteca y Documentación Alfonso Chase Brenes | 657.42 H816co12 | 11564 | 31/08/2016 | Dirección y Administración de Empresas | Libro | |||
| Departamento de Biblioteca y Documentación Alfonso Chase Brenes | Departamento de Biblioteca y Documentación Alfonso Chase Brenes | 657.42 H816co12 | 12521 | 31/08/2016 | Dirección y Administración de Empresas | Libro | |||
| Departamento de Biblioteca y Documentación Alfonso Chase Brenes | Departamento de Biblioteca y Documentación Alfonso Chase Brenes | 657.42 H816co12 | 12522 | 31/08/2016 | Dirección y Administración de Empresas | Libro | |||
| Departamento de Biblioteca y Documentación Alfonso Chase Brenes | Departamento de Biblioteca y Documentación Alfonso Chase Brenes | 657.42 H816co12 | 12523 | 31/08/2016 | Dirección y Administración de Empresas | Libro |